| 000 | 00590nam a2200217Ia 4500 | ||
|---|---|---|---|
| 003 | OSt | ||
| 005 | 20230410163740.0 | ||
| 008 | 210423s2015 xx 000 0 und d | ||
| 020 | _a978-1-107-10120-3 | ||
| 040 | _cAL | ||
| 041 | _aeng | ||
| 082 |
_a801.95 _223 _bGAVI |
||
| 100 |
_aGAVIN (Michael) _985707 |
||
| 245 | _aInvention of English criticism 1650-1760 | ||
| 260 |
_aUK _bCambridge University Press _c2015 |
||
| 300 |
_avii,220 _bHB |
||
| 365 |
_b6659.8 _cGBP |
||
| 650 |
_aLiterary Theory _985708 |
||
| 906 | _a1650-1760 ; criticism ; English ; Invention | ||
| 942 |
_2ddc _cBK |
||
| 999 |
_c169602 _d169602 |
||